Wyspy Karaibów rozpoczynające się na "Saint" - Statystyki

Ogólne statystyki
  • Ten quiz został rozwiązany 2 099 razy
  • Średni wynik to 4 z 10
Statystyki odpowiedzi
km2 Wyspa % Poprawnych
617 Saint Lucia
98%
345 Saint Vincent
90%
168 Saint Kitts
87%
87 Saint Martin
34%
21 Saint Barthélemy
15%
51 Saint John
12%
81 Saint Thomas
9%
21 Sint Eustatius
7%
214 Saint Croix
6%
26 San Andrés
4%
Nie znaleziono quizów pasujących do podanych kryteriów
Rozkład punktacji
Procent ludzi z każdym wynikiem
Percentyl według liczby udzielonych odpowiedzi
Twoja historia wyników
Nie rozwiązałeś tego quizu